Procedimiento para la detección de necesidades de entrenamiento dentro del marco del Programa de Reconversión Industrial
Gespeichert in:
| 1. Verfasser: | |
|---|---|
| Weitere Verfasser: | |
| Format: | Buch |
| Veröffentlicht: |
San José, Costa Rica
1990
|
| Schlagworte: | |
| Tags: |
Tag hinzufügen
Keine Tags, Fügen Sie den ersten Tag hinzu!
|
MARC
| LEADER | 00000nam a2200000Ia 4500 | ||
|---|---|---|---|
| 003 | 007347 | ||
| 005 | 20221231144305.0 | ||
| 008 | 140114s1990 cr a m 000 ||s d | ||
| 040 | |c cru CEDI | ||
| 090 | |a TFG 3075 | ||
| 100 | |a Sánchez Esquierdo, Marlon |9 11468 | ||
| 245 | |a Procedimiento para la detección de necesidades de entrenamiento dentro del marco del Programa de Reconversión Industrial | ||
| 260 | |c 1990 |a San José, Costa Rica | ||
| 300 | |a 2 volúmenes (algunas hojas plegables) : ilustraciones ; 28 cm | ||
| 500 | |a Proyecto de graduacion (licenciatura en ingenieria industrial)--Universidad de Costa Rica. Facultad de Ingeniería. Escuela de Ingeniería Industrial | ||
| 501 | |a Contenido: v. 1. Dignostico--v. 2. Diseno y anexos. | ||
| 650 | |x COSTA RICA - INDUSTRIAS |x COSTA RICA - POLITICA ECONOMICA |9 11470 | ||
| 700 | |9 11469 |a Solano Torres, Alex Enrique | ||
| 942 | |c TFG |2 ddc | ||
| 999 | |c 19675 |d 19675 | ||
